| 000 | 01217cad a2200337 4500 | ||
|---|---|---|---|
| 008 | 1998 | ||
| 020 | _a9780203013113 | ||
| 035 | _a(Sirsi) u87337 | ||
| 041 | _aeng | ||
| 050 | _a333.337 | ||
| 100 | _aBall, Michael | ||
| 245 | 4 |
_aThe economics of commercial property markets. _h[electronic resource] |
|
| 260 |
_aLondon _bRoutledge _c1998 |
||
| 300 | _aeBook | ||
| 350 | _a22.99 | ||
| 520 | _aThe book is divided into three main sections covering the microeconomics of property markets, the macroeconomics of commercial property and the financial economics of property with examples to illustrate the theories and issues discussed. | ||
| 650 | _aPROPERTY-COMMERCIAL PROPERTY-COMMERCIAL PROPERTY MARKET | ||
| 650 | _aECONOMIC MODELS | ||
| 650 | _aLAND MARKET | ||
| 650 | 2 | 4 | _aEBOOK |
| 650 | _aMACROECONOMICS | ||
| 650 | _aMICROECONOMICS | ||
| 650 | _aPROPERTY INVESTMENT | ||
| 650 | _aPROPERTY MARKET | ||
| 690 | _aPROPERTY-COMMERCIAL PROPERTY | ||
| 700 | _aLizieri, Colin | ||
| 700 | _aMacGregor, Bryan D. | ||
| 856 |
_uhttps://www.vlebooks.com/ _zView on VLEbooks. Logins for members only from [email protected] |
||
| 942 | _n0 | ||
| 948 | _c10/07/1998 | ||
| 999 |
_c97215 _d97215 |
||